world burn lyrics quiz - Statistics

General Stats
  • This quiz has been taken 4 times
  • The average score is 204 of 248
Answer Stats
Answer % Correct
a
100%
am
100%
burn.
100%
burn,
100%
I
100%
the
100%
to
100%
watch
100%
what
100%
Who
100%
(Who
100%
world
100%
you
100%
And
75%
and
75%
back.
75%
battle
75%
be
75%
Because
75%
beneath
75%
but
75%
Cady
75%
Cady:
75%
Cady,
75%
case
75%
cough.
75%
could
75%
cow."
75%
cow!
75%
deal.
75%
didn't
75%
down,
75%
drug
75%
enjoy
75%
everyone
75%
finish
75%
fit
75%
for
75%
For-
75%
fugly
75%
gasoline.
75%
George.
75%
George,
75%
get
75%
got
75%
grind
75%
grotsky
75%
have
75%
heel.
75%
helping;
75%
Helping
75%
Heron,
75%
Hey,
75%
how
75%
in.
75%
in
75%
is
75%
Janis
75%
keeping
75%
lame
75%
lez!
75%
like
75%
make
75%
massive
75%
may
75%
me
75%
mean.
75%
mean.)
75%
Mean.
75%
(Mean.)
75%
Ms.
75%
My
75%
my
75%
name
75%
Norbury's
75%
now?
75%
off.
75%
pusher!
75%
Regina
75%
"Regina
75%
sand,
75%
score:
75%
(So
75%
so
75%
so...
75%
someone
75%
space-
75%
temporary
75%
This
75%
this...
75%
this?
75%
this?)
75%
time
75%
took
75%
Trang
75%
turn
75%
wanna
75%
war,
75%
will
75%
win.
75%
win
75%
won
75%
wrote
75%
ya
75%
your
75%
you're
75%
brought
50%
can
50%
Louboutined
50%
Pak
50%
quote
50%
beyotch!
25%
No matching quizzes found
Score Distribution
Percent of People with Each Score
Percentile by Number Answered
Your Score History
You have not taken this quiz